LIBRARY & INFORMATION CENTRE, KCAET, TAVANUR

ONLINE PUBLIC ACCESS CATALOGUE (OPAC)

Surveying, Vol.2 / (Record no. 106)

MARC details
000 -LEADER
fixed length control field 00382cam a2200169ua 4500
003 - CONTROL NUMBER IDENTIFIER
control field OSt
008 - FIXED-LENGTH DATA ELEMENTS--GENERAL INFORMATION
fixed length control field 250502b |||||||| |||| 00| 0 eng d
041 ## - LANGUAGE CODE
Language code of text/sound track or separate title eng
082 ## - DEWEY DECIMAL CLASSIFICATION NUMBER
Classification number 624.1517
Item number PUN/SU
100 ## - MAIN ENTRY--AUTHOR NAME
Personal name Punmia, B C.
245 ## - TITLE STATEMENT
Title Surveying, Vol.2 /
250 ## - EDITION STATEMENT
Edition statement 9 /
260 ## - PUBLICATION, DISTRIBUTION, ETC. (IMPRINT)
Place of publication New Delhi :
Name of publisher Laxmi Publications ,
Year of publication 1987.
300 ## - PHYSICAL DESCRIPTION
Number of Pages 599 ; .
500 ## - GENERAL NOTE
General note *CSS
942 ## - ADDED ENTRY ELEMENTS (KOHA)
Koha item type Books
Holdings
Withdrawn status Lost status Damaged status Home library Current library Date acquired Full call number Accession Number Koha item type Shelving location
      KAUAET KAUAET 28/10/1988 624.1517 PUN/SU 16426 Books  
      KAUAET KAUAET 07/04/2012 624.1517 PUN/SU 21481 Books  
      KAUAET KAUAET 07/04/2012 624.1517 PUN/SU 21480 Books  
      KAUAET KAUAET 07/04/2012 624.1517 PUN/SU 21482 Books  
      KAUAET KAUAET 07/04/2012 624.1517 PUN/SU 21778 Books  
      KAUAET KAUAET 07/04/2012 624.1517 PUN/SU 22039 Books  
      KAUAET KAUAET 11/09/2018 624.1517 PUN/SU 18131 Books Scheme
      KAUAET KAUAET 11/09/2018 624.1517 PUN/SU 17950 Books Scheme
free website counter